000
00330nam a2200133 a 4500
005
20140414093846.0
008
100223s19uu xx uuu eng d
050
_a
CDB 006.68
_b
FLA 2001
245
_a
Flash site workshop.
650
_a
Computer graphics.
650
_a
Flash (Computer file).
942
_c
AVM
999
_c
109635
_d
109635